00466cam a2200169ua 45000010005000000080039000050200018000440400009000620820008000711000039000792450057001182500010001752600039001853000022002246530017002466530033002631342140822n ii |||gr||||Z||||||eng a81-7154-206-9 cMAIN a366 aPrabhu, Pandharinath H. ,eAuthor. aHindu Social OrganizationcBy Pandharinath H. Prabhu a1st . aMumbai:bPopular Prakashan,c2006. aXIV; 389p:c23cm. aAssociations aSocial Organization of Hindu